书目信息 |
| 题名: |
河南省数字化图书情报系统研究
|
|
| 作者: | 崔慕岳 主编 | |
| 分册: | ||
| 出版信息: | 郑州 郑州大学出版社 2005.01 |
|
| 页数: | 344页 | |
| 开本: | 25cm | |
| 丛书名: | ||
| 单 册: | ||
| 中图分类: | G250.76 | |
| 科图分类: | ||
| 主题词: | 图书馆学 , 图书馆事业 | |
| 电子资源: | ||
| ISBN: | 7-81106-020-5 | |
| 000 | 00619nam0 2200205 450 | |
| 001 | 0632478161 | |
| 005 | 20200515165336.73 | |
| 010 | @a7-81106-020-5@dCNY36.00 | |
| 100 | @a20060109d2005 km y0chiy0120 ea | |
| 101 | 0 | @achi |
| 102 | @aCN@b410000 | |
| 200 | 1 | @a河南省数字化图书情报系统研究@Ahe nan sheng shu zi hua tu shu qing bao xi tong yan jiu@f崔慕岳主编@Fcui mu yue zhu bian |
| 210 | @a郑州@c郑州大学出版社@d2005.01 | |
| 215 | @a344页@d25cm | |
| 606 | 0 | @a图书馆学 |
| 606 | 0 | @a图书馆事业 |
| 690 | @aG250.76@v3 | |
| 701 | 0 | @a崔慕岳@Acui mu yue@4主编 |
| 801 | 0 | @aCN@bPFT@c20200515 |
| 905 | @a10447@dG250.76@eC972 | |
| 河南省数字化图书情报系统研究/崔慕岳主编.-郑州:郑州大学出版社,2005.01 |
| 344页;25cm |
| ISBN 7-81106-020-5:CNY36.00 |
| ● |
| 相关链接 |
|
|
|
正题名:河南省数字化图书情报系统研究
索取号:G250.76/C972
 
预约/预借
| 序号 | 登录号 | 条形码 | 馆藏地/架位号 | 状态 | 备注 |
| 1 | 1452746 | 214527467 | 社科库409/409社科库 59排1列4层/ [索取号:G250.76/C972] | 在馆 | |
| 2 | 442437 | 204424373 | 社科库409/309社科库 86排2列6层/ [索取号:G250.76/C972] | 在馆 | |
| 3 | 442438 | 204424382 | 社科库409/ [索取号:G250.76/C972] | 在馆 | |
| 4 | 442439 | 204424391 | 社科库409/309社科库 86排2列6层/ [索取号:G250.76/C972] | 在馆 | |
| 5 | 442440 | 204424408 | 社科库409/309社科库 86排2列6层/ [索取号:G250.76/C972] | 在馆 | |
| 6 | 442441 | 204424417 | 社科库409/309社科库 86排2列6层/ [索取号:G250.76/C972] | 在馆 | |
| 7 | 442442 | 204424426 | 社科库409/309社科库 86排2列6层/ [索取号:G250.76/C972] | 在馆 | |
| 8 | 442443 | 204424435 | 社科库409/309社科库 86排2列6层/ [索取号:G250.76/C972] | 在馆 | |
| 9 | 442444 | 204424444 | 社科库409/309社科库 86排2列6层/ [索取号:G250.76/C972] | 在馆 | |
| 10 | 442445 | 204424453 | 社科库409/409社科库 59排1列4层/ [索取号:G250.76/C972] | 在馆 | |
| 11 | 442446 | 204424462 | 社科库409/309社科库 86排2列6层/ [索取号:G250.76/C972] | 在馆 | |
| 12 | 442447 | 204424471 | 社科库409/309社科库 86排2列6层/ [索取号:G250.76/C972] | 在馆 | |
| 13 | 442448 | 204424480 | 社科库409/309社科库 86排2列6层/ [索取号:G250.76/C972] | 在馆 | |
| 14 | 442449 | 204424499 | 社科库409/409社科库 59排1列4层/ [索取号:G250.76/C972] | 在馆 | |
| 15 | 442450 | 204424505 | 社科库409/309社科库 86排2列6层/ [索取号:G250.76/C972] | 在馆 | |
| 16 | 442451 | 204424514 | 社科库409/309社科库 86排2列6层/ [索取号:G250.76/C972] | 在馆 | |
| 17 | 442452 | 204424523 | 社科库409/309社科库 86排2列6层/ [索取号:G250.76/C972] | 在馆 | |
| 18 | 442453 | 204424532 | 社科库409/401自科库 24排4列5层/ [索取号:G250.76/C972] | 在馆 | |
| 19 | 442454 | 204424541 | 社科库409/309社科库 86排2列6层/ [索取号:G250.76/C972] | 在馆 | |
| 20 | 442455 | 204424550 | 社科库409/409社科库 59排1列4层/ [索取号:G250.76/C972] | 在馆 | |
| 21 | 492696 | 204926964 | 社科库409/309社科库 86排2列6层/ [索取号:G250.76/C972] | 在馆 |